El mercado de América del Norte, espacio económico para México.
Význam severoamerického trhu pre mexickú ekonomiku. Uzatvorenie dohody o voľnom obchode medzi USA a Kanadou v r. 1988 - význam pre Mexiko. Zahranično-obchodná výmena medzi Mexikom, USA a Kanadou - súčasnosť a perspektívy.
Saved in:
| Main Author: | |
|---|---|
| Format: | Book Chapter |
| Language: | Spanish |
| Subjects: | |
| Tags: |
No Tags, Be the first to tag this record!
|
MARC
| LEADER | 00000naa a2200000 4500 | ||
|---|---|---|---|
| 001 | r005515 | ||
| 005 | 20221130102720.9 | ||
| 041 | 0 | |a spa | |
| 044 | |a MX | ||
| 245 | 1 | 0 | |a El mercado de América del Norte, espacio económico para México. |c C. Avila Connelly |
| 520 | |a Význam severoamerického trhu pre mexickú ekonomiku. Uzatvorenie dohody o voľnom obchode medzi USA a Kanadou v r. 1988 - význam pre Mexiko. Zahranično-obchodná výmena medzi Mexikom, USA a Kanadou - súčasnosť a perspektívy. | ||
| 610 | 2 | 0 | |a Severná Amerika |
| 610 | 2 | 0 | |a Mexiko |
| 610 | 2 | 0 | |a oblasti obchodu voľného |
| 610 | 2 | 0 | |a Kanada |
| 610 | 2 | 0 | |a USA |
| 610 | 2 | 0 | |a zmluvy obchodné |
| 610 | 2 | 0 | |a 1988 |
| 610 | 2 | 0 | |a obchod výmenný |
| 610 | 2 | 0 | |a údaje štatistické |
| 610 | 2 | 0 | |a obchod zahraničný |
| 100 | 1 | |a Avila Connelly, C. | |